000 00716nam a2200217 i 4500
001 84917
003 ES-MaACL
005 20250822100419.0
007 t|
008 041124s1959 sp ||||1| spa d
080 _a821.111-31"18"
100 1 _aJerome, Jerome K.
_966340
245 1 3 _aEl arte de cuidar y gobernar a las mujeres /
_cJerome K. Jerome ; [traducción del inglés por Emilio M. Martínez Amador].
260 _aBarcelona :
_bG.P.,
_c1959 (
_fGuada)
300 _a125 p. ;
_c18 cm.
490 1 _aLibros de humor "El Gorrión"
700 1 _aMartínez Amador, Emilio M.
_977852
830 1 0 _aLibros de humor "El Gorrión"
_9181844
852 4 _aES-MaACL
_jC-17190
999 _c84917
_d84917